• 首页
  • 本馆介绍
  • 公告通知
  • 最新文献
  • 馆藏检索
  • 电子资源
  • 读者荐购
  • 参考咨询
  • CALIS
  • 我的图书馆
  • 登录
  • 详细信息显示
  • 放入我的书架
  • 预约/预借图书
  • 作者相关作品
  • 分类相关作品
  • 丛书相关作品
  • 出版社相关作品

书目信息

  • 表格格式
  • 工作单格式
  • 卡片格式
题名:
建设工程监理
    
 
作者: 张钧 , 张小迪 主编
分册:  
出版信息: 沈阳   辽宁大学出版社  2013.06
页数: 281页
开本: 28cm
丛书名:
单 册:
中图分类: TU712
科图分类:
主题词: 建筑工程--施工管理
电子资源:
ISBN: 7-5610-7304-6
 
 
 
 
 
000 00640nam0 2200205 450
001 1540941376
005 20151113112353.24
010    @a7-5610-7304-6@dCNY36.00
100    @a20151113d2013 km y0chiy0120 ea
101 0  @achi
102    @aCN@b210000
200 1  @a建设工程监理@Ajian she gong cheng jian li@f张钧,张小迪主编@Fzhang jun,zhang xiao di zhu bian
210    @a沈阳@c辽宁大学出版社@d2013.06
215    @a281页@d28cm
606 0  @a建筑工程@x施工管理
690    @aTU712@v4
701  0 @a张钧@Azhang jun@4主编
701  0 @a张小迪@Azhang xiao di@4主编
801  0 @aCN@b大连网信软件有限公司图书馆·11@c20151113
905    @aZUCC@dTU712@eZ1251
    
    建设工程监理/张钧,张小迪主编.-沈阳:辽宁大学出版社,2013.06
    281页;28cm
    
    
    ISBN 7-5610-7304-6:CNY36.00
    
●
相关链接 在E读中查询图书 在当当中查询图书 在豆瓣中查询图书


正题名:建设工程监理     索取号:TU712/Z1251         预约/预借

序号 登录号 条形码 馆藏地/架位号 状态 备注
1 497741   204977418   城院文库/ [索取号:TU712/Z1251] 在馆    
河南城建学院图书馆 欢迎您!
大连网信软件有限公司© 版权所有